Score 0/16 Timer 06:00
0 Plays Today
Cryptogram Flower % Correct
AIYLROSE
95.4%
GBGKLILY
84.4%
BABYIRIS
82.8%
FIFFKPOPPY
78.6%
FLICKPEONY
72.5%
FUCYKPANSY
72.3%
DOGBFTULIP
69.8%
RBIGLDVIOLET
55.7%
Cryptogram Flower % Correct
JUWWIJBGDAFFODIL
54%
YCUFJAUPICSNAPDRAGON
47.9%
JUNGBUDAHLIA
47.8%
HBCCBUZINNIA
44.6%
SUACUDBICCARNATION
42.4%
SNAKYUCDNLTOTCHRYSANTHEMUM
37.5%
WIMPGIRLFOXGLOVE
24.6%
VICEOBGJONQUIL
15.5%
Remove Ads.
Support Sporcle.
Get the best of Sporcle when you Go Orange. This ad-free experience offers more features, more stats, and more fun while also helping to support Sporcle. Thank you for becoming a member.

You're not logged in!

Compare scores with friends on all Sporcle quizzes.
OR
Log In

Show Comments

Extras

Top Quizzes Today


Score Distribution

Your Account Isn't Verified!

In order to create a playlist on Sporcle, you need to verify the email address you used during registration. Go to your Sporcle Settings to finish the process.

Report this User

Report this user for behavior that violates our Community Guidelines.

Details: